000 04086cam a2200325 4500500
005 20251228064818.0
041 _afre
042 _adc
100 1 0 _aDutheil, Frédéric
_eauthor
245 0 0 _aLe sport à la cure : le corps médical face à la diffusion des pratiques sportives dans la station thermale de Vichy. 1875-1914
260 _c2003.
500 _a10
520 _aRésumé A la fin du XIXe siècle, Vichy, « Reine des villes d’eaux » abandonne progressivement sa première fonction thérapeutique au profit d’une orientation plus touristique. Au prix d’importantes transformations en matière d’aménagements, la station thermale offre à sa clientèle une villégiature dorée, à la campagne. Parmi les nombreuses distractions, les sports animent les journées et rythment les saisons d’été. Toutefois, cette offre sportive soulève quelques résistances et oppositions. Le corps médical de la station manifeste, en effet, de sérieuses réticences face à la diffusion de ces nouvelles pratiques.
520 _aAbstract At the end of the 19th Century, Vichy, “Queen of spa towns” gradually abandoned its main therapeutic function to turn towards tourism. At the cost of major development work, the resort was able to offer its visitors a golden holiday destination in the country. Amongst other numerous activities, the days were highlighted by sporting events, particularly during the summer months. However, all these sporting opportunities were met with a certain degree of opposition. In fact, the town’s medical profession made no attempt to hide their reservations regarding the popularity of these new practises.
520 _aResumen A fines del siglo XIX, Vichy denominada la “Reina de las ciudades de aguas termales” progresivamente comienza a abandonar su función terapéutica hacia una orientación más turística. Gracias a importantes transformaciones en materia de reordenamiento, la estación termal ofrece a los clientes una ciudad dorada en el campo. Una de las numerosas distracciones son los deportes que activan las jornadas y le dan vida a los veranos. En algunas ocasiones esta oferta deportiva provoca algunas oposiciones. El cuerpo médico de la estación se manifiesta con cierta resistencia a la difusión de estas nuevas practicas.
520 _aZusammenfassung Ende des 19. Jahrhunderts gibt Vichy, “die Königin der Kurbäder”, nach und nach ihre therapeutische Hauptfunktion ab zugunsten einer Orientierung auf den Tourismus. Durch bedeutsame städtebauliche Veränderungen bietet das Thermalbad seinen Kunden eine noble Sommerfrische auf dem Lande. Zu den vielen Freizeitvergnügen gehören auch verschiedene Sportarten, welche die Tage beleben, und den sommerlichen Jahreszeiten einen Rhythmus verleihen. Dieses Sportangebot stößt jedoch auch auf Widerstand. Die Mediziner des Kurbades zeigen in der Tat eine starke Zurückhaltung hinsichtlich der Verbreitung dieser neunen Praktiken.
520 _aRiassunto Alla fine del XIX secolo, Vichy, «Regina delle città d’acqua», abbandona progressivamente la sua prima funzione terapeutica a favore di un orientamento più turistico. Al costo di importanti trasformazioni in materia di sistemazione, la stazione termale offre alla sua clientela una villeggiature dorata, in campagna. Tra le numerose distrazioni, gli sport animano le giornate e ritmano le stagioni estive. Tuttavia, quest’offerta sportiva solleva alcune resistenze ed opposizioni. Il corpo medico della stazione manifesta, in effetti, serie reticenze di fronte alla diffusione di queste nuove pratiche.
690 _acure
690 _adistractions
690 _aédical
690 _apratiques sportives
690 _astation thermale
690 _aentertainment
690 _aspa resort
690 _aspa treatment
690 _asports activities
690 _athe medical profession
786 0 _nStaps | 61 | 2 | 2003-06-01 | p. 39-52 | 0247-106X
856 4 1 _uhttps://shs.cairn.info/revue-staps-2003-2-page-39?lang=fr&redirect-ssocas=7080
999 _c1590208
_d1590208